00371nam a2200109Ia 4500008004100000082001500041100002200056245006600078942000600144952009600150999001500246240331s9999 xx 000 0 und d a303.6bBAL aBalasuriya, Tissa 0aTheology and Ethnicism :bGlobal Violence and Racial Violence cL 001040708LaWERCLbWERCLcSSCd2024-03-31l0o 303.6 BALp220r2024-03-31w2024-03-31yL c1239d1239